000 00636nam a2200289Ia 4500
005 20260401122355.0
008 008 250103s9999 xx 000 0 eng d
037 _aTB
040 _aEDL
040 _beng
040 _cEDL
041 _2eng
041 _aeng
084 _a741.5092 CRU
084 _qEDL
100 _aCruikshank, George
_91233405
245 0 _aPoints of Humour: Illustrated
245 0 _cCruikshank, George
260 _aLondon
260 _bC.Baldwyn
260 _c1823
300 _a56p
942 _cTB
942 _h741.5092 CRU
999 _c1846869
_d1846869